000 004830000a22001930004500
003 LK-CoMWRAF
005 20230903071932.0
008 230817t1996 ||||| |||| 00| 0 eng d
020 _a9789559318019
040 _aLK-CoMWRAF
_dLK-CoMWRAF
_eLK-CoMWRAF
041 _aeng
082 _a820
_bGUN
100 _aGunawardena, Lakmali
245 _aWhere no woman travels alone
260 _aColombo :
_bLakmali Gunawardena,
_c1996
300 _a56p
650 _aTravel
942 _cBK
999 _c2494
_d2494